Των κεκοιμημένων : τέσσερις και μία παραλλαγές
Αποθηκεύτηκε σε:
| Κύριος συγγραφέας: | |
|---|---|
| Μορφή: | Βιβλίο |
| Γλώσσα: | Greek |
| Δημοσίευση: |
Αθήνα :
Πόλις,
c1999
|
| Θέματα: | |
| Ετικέτες: |
Προσθήκη ετικέτας
Δεν υπάρχουν, Καταχωρήστε ετικέτα πρώτοι!
|
MARC
| LEADER | 00000nam a2200000 i 4500 | ||
|---|---|---|---|
| 001 | 1/76763 | ||
| 008 | 050523s1999 gre d | ||
| 020 | |a 960-7478-82-7 | ||
| 035 | |l 10078073 | ||
| 040 | |a GR-MY-UA |b gre |e aacr | ||
| 041 | 0 | |a gre | |
| 082 | 0 | |a 889.3 |2 (21) | |
| 100 | 1 | |a Μίγγας, Δημήτρης. | |
| 245 | 1 | 4 | |a Των κεκοιμημένων : |b τέσσερις και μία παραλλαγές / |c Δημήτρης Μίγγας |
| 260 | |a Αθήνα : |b Πόλις, |c c1999 | ||
| 300 | |a 218 σ.; |c 20 εκ. | ||
| 650 | 0 | 0 | |a Greek fiction, Modern |y 20th century. |
| 852 | |a INST |b SYROS |e 20050523 |h 889.3 ΜΙΓ |p 005500005399 |q 005500005399 |t BK |y 0 | ||
| 901 | |a BIBL5-2005-2 | ||
| 909 | |a Ε |b 117002 | ||
| 922 | |a 5ΕΛΗ |b 200411 |c 188 |d ΠΛΑΣΤΙΓΓΑ | ||
| 970 | |a ΤΣΟΥΚΑΛΑ |b ΑΛΙΚΗ |z 2005/05/20 | ||